logo

Bir Sreshtho Munshi Abdur Rouf Library
Jhenaidah Cadet College

ওপরে ওঠার সিঁড়ি / (Record no. 10976)

MARC details
000 -LEADER
fixed length control field 00702nam a2200229 a 4500
001 - CONTROL NUMBER
JCCL Control Number 10976
003 - CONTROL NUMBER IDENTIFIER
JCCL marc code BD-JhCC
005 - DATE AND TIME OF LATEST TRANSACTION
control field 20190711081502.0
008 - FIXED-LENGTH DATA ELEMENTS--GENERAL INFORMATION
fixed length control field 190611s2014 bg |||| |||| 000 0 ben d
020 ## - INTERNATIONAL STANDARD BOOK NUMBER
International Standard Book Number 97898477661527
035 ## - SYSTEM CONTROL NUMBER
system control number (BD-JhCC)10976
040 ## - CATALOGING SOURCE
Original cataloging agency BD-JhCC
Modifying agency BD-JhCC
041 ## - LANGUAGE CODE
Language code of Book ben
082 ## - DEWEY DECIMAL CLASSIFICATION NUMBER
Classification number 158.1
Author mark and Year SHA 2014
100 ## - MAIN ENTRY--PERSONAL NAME
Personal name শাহরিয়ার, আরাফাত
245 ## - TITLE STATEMENT
Title ওপরে ওঠার সিঁড়ি /
Statement of responsibility, etc আরাফাত শাহরিয়ার
260 ## - PUBLICATION, DISTRIBUTION, ETC. (IMPRINT)
Place of publication, distribution, etc ঢাকা :
Name of publisher, distributor, etc ঐতিহ্য,
Date of publication, distribution, etc ২০১৪
300 ## - PHYSICAL DESCRIPTION
Pagination ৭৮ পৃ. :
Dimensions ১৯ সেমি.
650 ## - SUBJECT ADDED ENTRY--TOPICAL TERM
Topical term or geographic name as entry element Success
650 ## - SUBJECT ADDED ENTRY--TOPICAL TERM
Topical term or geographic name as entry element সাফল্য
942 ## - ADDED ENTRY ELEMENTS (KOHA)
Source of classification or shelving scheme Dewey Decimal Classification
Koha item type Books
Holdings
Source of classification or shelving scheme Damaged status Not for loan Home library Current library Shelving location Date of accession Cost, normal purchase price Total Checkouts Full call number Barcode Date last seen Copy number Koha item type
Dewey Decimal Classification     JCC Rouf Library JCC Rouf Library General Stacks 06/11/2019 175.00   158.1 SHA 2014 15152 07/11/2019 C-1 Books

JCC Library | Contacts | JCC Home

Last Update on 23 September 2017
Copyright @ 2017-2020 JCC Rouf Library
Rouf Library, Jhenidah Cadet College (JCC), Bangladesh